Irish almanac and yearbook of facts.

Bibliographic Details
Format: Serial
Language:English
Published: Derry : Artcam Pub. ; 1997-
Subjects:

MARC

Tag First Indicator Second Indicator Subfields
LEADER 00000cas a2200000 a 4500
001 in00001370013
005 20151006091655.0
008 970304c19979999ie ar 0 0eng d
010 |a  97649729   |z sn 97044093  
035 |a (OCoLC)36480226 
035 |9 AHJ8949AM 
040 |a NYP  |c NYP  |d DLC  |d GUA  |d TXA  |d UtOrBLW 
042 |a lc 
043 |a e-ie---  |a e-uk-ni 
049 |a TXAE 
050 0 0 |a AY774  |b .I75 
245 0 0 |a Irish almanac and yearbook of facts. 
246 1 4 |a Irish almanac & yearbook of facts 
264 1 |a Derry :  |b Artcam Pub. ;  |c 1997- 
264 2 |a Chester Springs, PA :  |b Distributed in the U.S. and Canada by Dufour Eds, 
300 |a volumes :  |b illustrations, maps ;  |c 21 cm. 
310 |a Annual 
336 |a text  |b txt  |2 rdacontent 
337 |a unmediated  |b n  |2 rdamedia 
338 |a volume  |b nc  |2 rdacarrier 
362 0 |a 1997- 
500 |a Desription based on: 1998. 
650 0 |a Almanacs, Irish. 
650 0 |a Almanacs, Irish  |z Northern Ireland. 
948 |a C:bs 
999 |a MARS 
999 f f |s 19525e25-32d0-3531-ab58-a925005d03f1  |i 2c895b02-2350-3497-a572-ce786e99c875  |t 0 
952 f f |p normal  |a Texas A&M University  |b College Station  |c Sterling C. Evans Library  |s Evans stk  |d Evans: Library Stacks  |t 0  |e AY774 .I75  |h Library of Congress classification  |i unmediated -- volume  |k 1998  |m A14823598003 
998 f f |a AY774 .I75  |s 1998  |t 0  |l Evans: Library Stacks